Физико-химические исследования в решении гидроэкологических проблем; Фундаментальные и прикладные проблемы охраны окружающей среды; Т. 3: Физико-химические методы контроля объектов окружающей среды. Химико-технологические проблемы охраны окружающей среды. Технологические проблемы охраны окружающей среды

Detaylı Bibliyografya
Parent link:Фундаментальные и прикладные проблемы охраны окружающей среды: тезисы докладов Международной конференции, 12-16 сентября 1995 г., Томск/ Томский государственный университет (ТГУ) ; Томская область, Администрация.— , 1995
Т. 3: Физико-химические методы контроля объектов окружающей среды. Химико-технологические проблемы охраны окружающей среды. Технологические проблемы охраны окружающей среды.— 1995.— С. 123-124
Yazar: Шварцев С. Л. Степан Львович
Diğer Yazarlar: Дутова Е. М. Екатерина Матвеевна, Олейникова Ю. Б.
Dil:Rusça
Baskı/Yayın Bilgisi: 1995
Konular:
Materyal Türü: MixedMaterials Kitap Bölümü
KOHA link:https://koha.lib.tpu.ru/cgi-bin/koha/opac-detail.pl?biblionumber=202275

MARC

LEADER 00000naa2a2200000 4500
001 202275
005 20240205151115.0
035 |a (RuTPU)RU\TPU\book\220430 
035 |a RU\TPU\book\220387 
090 |a 202275 
100 |a 20111010d1995 k y0rusy50 ca 
101 0 |a rus 
102 |a RU 
200 1 |a Физико-химические исследования в решении гидроэкологических проблем  |f С. Л. Шварцев, Е. М. Дутова, Ю. Б. Олейникова  
461 1 |0 (RuTPU)RU\TPU\book\196703  |t Фундаментальные и прикладные проблемы охраны окружающей среды  |o тезисы докладов Международной конференции, 12-16 сентября 1995 г., Томск  |o в 5 т.  |f Томский государственный университет (ТГУ) ; Томская область, Администрация  |d 1995 
463 1 |0 (RuTPU)RU\TPU\book\380  |t Т. 3: Физико-химические методы контроля объектов окружающей среды. Химико-технологические проблемы охраны окружающей среды. Технологические проблемы охраны окружающей среды  |v С. 123-124  |d 1995  |p 420 с. 
610 1 |a труды учёных ТПУ 
700 1 |a Шварцев  |b С. Л.  |c российский гидрогеолог, доктор геолого-минералогических наук  |c профессор Томского политехнического университета, академик РАЕН  |f 1936-  |g Степан Львович  |3 (RuTPU)RU\TPU\pers\25914 
701 1 |a Дутова  |b Е. М.  |c гидрогеолог  |c профессор Томского политехнического университета, доктор геолого-минералогических наук  |f 1956-  |g Екатерина Матвеевна  |3 (RuTPU)RU\TPU\pers\26078  |9 11916 
701 1 |a Олейникова  |b Ю. Б. 
801 1 |a RU  |b 63413507  |c 20100607 
801 2 |a RU  |b 63413507  |c 20170411  |g RCR 
942 |c BK